| 000 | 01340nam a22002537a 4500 | ||
|---|---|---|---|
| 999 |
_c22126 _d22126 |
||
| 003 | AR-CdUCM | ||
| 008 | 190429b ||||| |||| 00| 0 spa d | ||
| 040 |
_aMUNICIPALIDAD PROVINCIAL DEL CUSCO _cBIBLIOTECA MUNICIPAL DEL CUSCO |
||
| 082 | _aTeqse/N°1/1972 | ||
| 110 |
_aUniversidad Nacional de San Antonio Abad del Cuzco _914483 |
||
| 245 |
_aTeqse: _brevista de Filosofía Psicología y Arte / _cDepartamento de Filosofía y Psicología |
||
| 260 |
_aCusco. _bLos Andes, _c1972. |
||
| 300 |
_a127 páginas. : _bilustraciones, _c23 cm. |
||
| 440 |
_aTeqse. _nN°1,1972 _947495 |
||
| 505 | _aContenido: Esbozo para una historia de las ideas Filosóficas en el Cusco. José Tamayo Herrera. -- Concepción del hombre en el pensamiento Keswa. Salustio Gutiérrez Pareja.-- Estirpe iluminista en la emancipación americana. Moisés Tello Palomino. -- Vigencia inalienable de la Filosofía macro historia y futurología. Gottardo Max Aguirre Cárdenas. -- Sobre la verdad y su enmascaramiento. Hugo Flórez Ugarte. -- Percepción i conocimiento. Edmundo Arce Quiroz. | ||
| 650 |
_aFilosofía _9395 |
||
| 650 |
_aPsicología _91538 |
||
| 650 |
_aArte _9561 |
||
| 700 |
_aTamayo Herrera, José _911513 |
||
| 700 |
_aGutiérrez Pareja, Salustio _915880 |
||
| 700 |
_aAguirre Cárdenas, Gottardo Max _930625 |
||
| 942 |
_2ddc _cPP |
||
| 945 | _arac | ||